|
|
|
|
| LEADER |
00000nab a2200000uu 4500 |
| 001 |
vtls010897415 |
| 003 |
SK-MaSNL |
| 005 |
20260304013135.0 |
| 008 |
230218|1973 xo |||||||||||||||||eng| |
| 015 |
|
|
|a SNBRB
|
| 035 |
|
|
|a (urnnbn)urn:nbn:sk:snk:ar-006mzp
|
| 035 |
|
|
|a (uuid)458bfdb0-31f3-4d4d-ba3e-aa667e8f29b5
|
| 035 |
|
|
|a urn:nbn:sk:snk-ab8pue
|
| 040 |
|
|
|a SNKBUCL
|b slo
|c SNKBUCL
|e AACR2
|
| 041 |
0 |
|
|a eng
|
| 044 |
|
|
|a xo
|c SK
|
| 100 |
1 |
|
|a Römmler, A.
|4 aut
|9 1293736
|
| 245 |
1 |
0 |
|a Human Pituitary Follicle Stimulating (FSH) and Luteinizing (LH) Hormones: Current Status
|c A. Römmler, P. Rathnam, B. B. Saxena
|
| 700 |
1 |
|
|a Saxena, B. B.
|4 aut
|9 1293737
|
| 700 |
1 |
|
|a Rathnam, P.
|4 aut
|9 1293738
|
| 773 |
0 |
|
|t Endocrinologia experimentalis
|g Roč. 7, č. 1 (1973), s. 19-36
|
| 958 |
|
|
|a OND
|
| 958 |
|
|
|a EUIPO
|
| 958 |
|
|
|a article10
|
| 999 |
|
|
|c 2574635
|d 2576565
|